Charles Rennie Mackintosh
محفوظ في:
| المؤلف الرئيسي: | |
|---|---|
| التنسيق: | كتاب |
| اللغة: | الإنجليزية |
| منشور في: |
Londres
Thames and Hudson
1995
|
| سلاسل: | World of Art
|
| الموضوعات: | |
| الوسوم: |
إضافة وسم
لا توجد وسوم, كن أول من يضع وسما على هذه التسجيلة!
|
MARC
| LEADER | 00000nam a2200000 a 4500 | ||
|---|---|---|---|
| 001 | UCO6685 | ||
| 003 | CL-VaPUC | ||
| 008 | 001027e19950000UK |||||||||||||||||eng|d | ||
| 082 | 0 | 4 | |a 720.92 |b CRA |2 21 |
| 100 | 0 | |a Crawford, Alan |e author |9 451513 | |
| 245 | 1 | 0 | |a Charles Rennie Mackintosh |
| 300 | |a 216 p | ||
| 942 | |c BK | ||
| 945 | |d 20001027 00:00:00 |a crobeson | ||
| 260 | |a Londres |b Thames and Hudson |c 1995 | ||
| 600 | 0 | 7 | |a MACKINTOSH, CHARLES RENNIE |2 CL-VaPUC |9 366218 |
| 650 | 0 | |a Arquitectos |9 268647 | |
| 650 | 0 | |a Arquitectura escocesa |9 366219 | |
| 650 | 0 | |a Diseño arquitectónico |9 265271 | |
| 650 | 7 | |a DISEÑO AMBIENTAL |2 CL-VaPUC |9 268896 | |
| 583 | |a last modification |c 20001027 00:00:00 |k Rodrigo Vera | ||
| 490 | 0 | |a World of Art | |
| 999 | |c 292158 |d 292156 | ||
| 952 | |0 0 |1 0 |4 0 |6 720_920000000000000_CRA_1995 |7 0 |8 A |9 342798 |a BIBARQ |b BIBARQ |d 2019-11-20 |i 364507K |o 720.92 CRA 1995 |p 364507K |r 2025-01-20 |w 2019-11-20 |y BK |k ARQ | ||